| 000 | 00000nam##2200000za#4500 |
| 001 | 9.571657 |
| 003 | CaOODSP |
| 005 | 20211126112844 |
| 007 | cr ||||||||||| |
| 008 | 150406|1997||||xxc|||||o f|0| 0 eng|d |
| 022 | |a1701-9397 |
| 040 | |aCaOODSP|beng |
| 043 | |an-cn--- |
| 086 | 1 |aFB3-2/97-10E-PDF |
| 110 | 2 |aBank of Canada. |
| 245 | 14|aThe structure of interest rates in Canada : |h[electronic resource]|binformation content about medium-term inflation / |cby Jim Day and Ron Lange. |
| 260 | |aOttawa - Ontario : |bBank of Canada |cMay 1997. |
| 300 | |a37p.|bgraphs, references, tables |
| 490 | 1 |aBank of Canada working paper|x1701-9397|v97-10 |
| 500 | |a"This paper examines the relationship between the term structure of interest rates and future changes in inflation for Canada using a newly constructed par-value yield series."--Abstract. |
| 500 | |aThe ISBN (0-662-25787-1) and ISSN (1192-5434) for the print edition have been incorrectly copied in this electronic publication. |
| 520 | 3 |aThis paper examines the relationship between the term structure of interest rates and future changes in inflation for Canada using a newly constructed par-value yield series.--Abstract |
| 546 | |aRésumé en français. |
| 590 | |a11-19-Supp|b2011-09-23 |
| 690 | 07|aInflation|2gcpds |
| 690 | 07|aInterest rates|2gcpds |
| 720 | 1 |aDay, Jim |
| 720 | 1 |aLange, Ron |
| 776 | 0#|tThe structure of interest rates in Canada : |w(CaOODSP)9.613819 |
| 830 | #0|aWorking paper (Bank of Canada)|x1701-9397|v97-10|w(CaOODSP)9.504604 |
| 856 | 40|ahttp://publications.gc.ca|qPDF|s174 KB|uhttps://publications.gc.ca/collections/Collection/FB3-2-97-10E.pdf|y97-10 |